000 00673nam a22002417a 4500
001 BR6200147
003 BR-BrBNA
005 20230928083403.0
007 ta
008 230509b bl.||||| |||| 00| 0 por d
040 _aBR-BrBNA
_bpor
_cBiblioteca Nacional de Agricultura
041 _a(Por)
072 _aH10
_b4020
090 _ 4020 BR6200147
100 1 _aMaranhao, Z.C.
110 1 _aEscola Superior de Agricultura Luiz de Queiroz, Piracicaba, SP (Brasil)
245 1 _aPercevejos das plantas [Praga de planta]
260 3 _aPiracicaba, SP (Brasil):
_c1962.
300 _a9 p.
650 _aPERCEVEJO
909 _a202309
_bLucia
_c55
_dLucia Elande
942 _cBK
999 _c13185
_d13185